Shi Ism (Record no. 8254)
[ view plain ]
| 000 -LEADER | |
|---|---|
| fixed length control field | 00583nam a2200229 a 4500 |
| 020 ## - INTERNATIONAL STANDARD BOOK NUMBER | |
| ISBN | |
| 082 00 - DEWEY DECIMAL CLASSIFICATION NUMBER | |
| Classification number | 297.82 |
| Author Cutter | NAS |
| 100 ## - MAIN ENTRY--AUTHOR NAME | |
| Author name | Nasr, Seyyed Hossein |
| 245 ## - TITLE STATEMENT | |
| Title | Shi Ism |
| Sub title | Doctrines, Thought, and Spirituality |
| 260 ## - PUBLICATION, DISTRIBUTION, ETC. (IMPRINT) | |
| Place of publication | New York |
| Name of publisher | State University of New York |
| Year of publication | 1988 |
| 300 ## - PHYSICAL DESCRIPTION | |
| Number of Pages | 401p |
| 500 ## - GENERAL NOTE | |
| General note | includes index and biblioraphy |
| 505 2# - FORMATTED CONTENTS NOTE | |
| Formatted contents note | Index |
| 942 ## - ADDED ENTRY ELEMENTS (KOHA) | |
| Koha item type | Books |
| 700 1# - | |
| -- | Nasr, Seyyed Hossein |
| Collection code | Home library | Current library | Date acquired | Cost, normal purchase price | Full call number | Accession Number | Koha item type |
|---|---|---|---|---|---|---|---|
| Henry Martyn Institute Library | Henry Martyn Institute Library | 08/25/2011 | 100.00 | 297.82 NAS | 015000 | Books |
